[Event "Winnipeg TNT Jan op"]
[Site "Winnipeg CAN"]
[Date "2005.01.11"]
[Round "2"]
[White "Czarny, Keith"]
[Black "Rumpel, Chris"]
[Result "1-0"]
[WhiteElo "1651"]
[BlackElo "1408"]
[PlyCount "107"]
[GameId "2160767911031749"]
[EventDate "2005.01.04"]
[EventType "swiss"]
[EventRounds "4"]
[EventCountry "CAN"]
[SourceTitle "EXT 2006"]
[Source "ChessBase"]
[SourceDate "2005.11.24"]
[SourceVersion "1"]
[SourceVersionDate "2005.11.24"]
[SourceQuality "1"]

1. Nf3 Nf6 2. g3 c5 3. Bg2 d5 4. O-O Nc6 5. d3 e5 6. Bg5 Be7 7. Nbd2 h6 8. Bxf6 Bxf6 9. c4 d4 10. Ne4 Be7 11. Ne1 O-O 12. Nc2 Bf5 13. Rc1 Bh7 14. e3 f5 15. Nd2 e4 16. dxe4 fxe4 17. Nxe4 Re8 18. exd4 Bf8 19. Re1 cxd4 20. Nd2 Qb6 21. Nb3 d3 22. Ne3 Rad8 23. Nd5 Rxe1+ 24. Qxe1 Bb4 25. Qe6+ Kh8 26. Nxb6 d2 27. Nxd2 Bxd2 28. Ra1 axb6 29. h4 Bg8 30. Qe2 Nd4 31. Qxd2 Nf3+ 32. Bxf3 Rxd2 33. b3 Rd7 34. Rd1 Rf7 35. Kg2 Re7 36. Rd8 Kh7 37. Rb8 Be6 38. Be4+ g6 39. Rxb7 Rxb7 40. Bxb7 Bf5 41. a3 Bc2 42. b4 Kg7 43. Kf3 Kf6 44. Be4 Bb3 45. c5 bxc5 46. bxc5 Bd1+ 47. Ke3 g5 48. hxg5+ hxg5 49. f4 g4 50. Bd3 Ba4 51. Kd4 Bd7 52. Kd5 Be6+ 53. Kd6 Bc8 54. Bb5 1-0

[Event "Winnipeg TNT Jan op"]
[Site "Winnipeg CAN"]
[Date "2005.01.11"]
[Round "2"]
[White "Greenberg, Harley"]
[Black "Prince, Colin"]
[Result "1-0"]
[WhiteElo "1740"]
[BlackElo "1755"]
[PlyCount "61"]
[GameId "2160767911031750"]
[EventDate "2005.01.04"]
[EventType "swiss"]
[EventRounds "4"]
[EventCountry "CAN"]
[SourceTitle "EXT 2006"]
[Source "ChessBase"]
[SourceDate "2005.11.24"]
[SourceVersion "1"]
[SourceVersionDate "2005.11.24"]
[SourceQuality "1"]

1. d4 Nf6 2. c4 g6 3. Nf3 Bg7 4. Nc3 d6 5. g3 O-O 6. Bg2 a5 7. O-O c6 8. e4 Na6 9. h3 Nc7 10. Be3 Re8 11. Qd2 Be6 12. b3 b5 13. cxb5 cxb5 14. Ng5 b4 15. Ne2 Rc8 16. Rac1 Bd7 17. h4 h6 18. e5 Nfd5 19. exd6 exd6 20. Nh3 Qe7 21. Nhf4 Nxe3 22. fxe3 Qxe3+ 23. Qxe3 Rxe3 24. Bb7 Bb5 25. Bxc8 Bxe2 26. Nxe2 Rxe2 27. Rxc7 Bxd4+ 28. Kh1 f5 29. Ba6 Rxa2 30. g4 fxg4 31. Bc4+ 1-0

[Event "Winnipeg TNT Jan op"]
[Site "Winnipeg CAN"]
[Date "2005.01.11"]
[Round "2"]
[White "Proulx, Roy"]
[Black "Lafreniere, Adrian"]
[Result "1-0"]
[WhiteElo "1735"]
[BlackElo "1709"]
[PlyCount "53"]
[GameId "2160767911031751"]
[EventDate "2005.01.04"]
[EventType "swiss"]
[EventRounds "4"]
[EventCountry "CAN"]
[SourceTitle "EXT 2006"]
[Source "ChessBase"]
[SourceDate "2005.11.24"]
[SourceVersion "1"]
[SourceVersionDate "2005.11.24"]
[SourceQuality "1"]

1. d4 d5 2. Nf3 Nf6 3. Bg5 e6 4. e3 Be7 5. Bd3 c5 6. c3 c4 7. Bc2 O-O 8. Nbd2 a6 9. O-O Nc6 10. Ne5 Nxe5 11. dxe5 Nd7 12. Bxe7 Qxe7 13. f4 f6 14. exf6 Rxf6 15. Nf3 Qc5 16. Qe2 Rxf4 17. Bxh7+ Kh8 18. Ng5 Rh4 19. Bg6 Nf6 20. g3 Rg4 21. Rxf6 Rxg5 22. Qf3 Bd7 23. h4 Re5 24. Re1 Bc6 25. Qf4 Qd6 26. Rf1 Rg8 27. Rf8 1-0

[Event "Winnipeg TNT Jan op"]
[Site "Winnipeg CAN"]
[Date "2005.01.11"]
[Round "2"]
[White "Reimer, Bruce"]
[Black "Trueman, Francis"]
[Result "1-0"]
[WhiteElo "1390"]
[BlackElo "1496"]
[PlyCount "77"]
[GameId "2160767911031752"]
[EventDate "2005.01.04"]
[EventType "swiss"]
[EventRounds "4"]
[EventCountry "CAN"]
[SourceTitle "EXT 2006"]
[Source "ChessBase"]
[SourceDate "2005.11.24"]
[SourceVersion "1"]
[SourceVersionDate "2005.11.24"]
[SourceQuality "1"]

1. c4 e5 2. g3 Nf6 3. Bg2 g6 4. Nc3 Bg7 5. e4 c6 6. Nge2 O-O 7. O-O d6 8. d3 Nbd7 9. f4 Re8 10. f5 Nf8 11. fxg6 hxg6 12. Bg5 N8h7 13. Bxf6 Nxf6 14. h3 Be6 15. Rf2 d5 16. b3 dxe4 17. dxe4 Qb6 18. Qf1 Bh6 19. Kh2 Nh5 20. Na4 Qd8 21. Nc5 Qe7 22. Nxe6 Qxe6 23. Nc3 Be3 24. Rf3 Bd4 25. Rd1 Rad8 26. Ne2 Bc5 27. Rfd3 Be7 28. Bf3 f5 29. Bxh5 gxh5 30. exf5 Qh6 31. Rd7 Rb8 32. Rc7 Bd6 33. Rd7 Be7 34. Ng1 e4 35. h4 Qf6 36. Qf4 Bd8 37. Qxb8 Qxf5 38. Rxd8 Qf2+ 39. Kh1 1-0

[Event "Winnipeg TNT Jan op"]
[Site "Winnipeg CAN"]
[Date "2005.01.11"]
[Round "2"]
[White "Van Wyk, Joseph"]
[Black "Tang, Edward"]
[Result "0-1"]
[WhiteElo "1915"]
[BlackElo "1982"]
[PlyCount "56"]
[GameId "2160767911031753"]
[EventDate "2005.01.04"]
[EventType "swiss"]
[EventRounds "4"]
[EventCountry "CAN"]
[SourceTitle "EXT 2006"]
[Source "ChessBase"]
[SourceDate "2005.11.24"]
[SourceVersion "1"]
[SourceVersionDate "2005.11.24"]
[SourceQuality "1"]

1. e4 c5 2. Nf3 d6 3. Bb5+ Bd7 4. Bxd7+ Qxd7 5. O-O Nc6 6. c3 Nf6 7. Re1 e6 8. d4 cxd4 9. cxd4 d5 10. e5 Ne4 11. Nbd2 Nxd2 12. Bxd2 Be7 13. Bg5 O-O 14. Re3 Rfc8 15. h4 Rc7 16. Nh2 Nb4 17. Ng4 Bxg5 18. hxg5 Nc2 19. Nf6+ gxf6 20. gxf6 Nxe3 21. fxe3 Kh8 22. Kf2 Rg8 23. a4 Rg6 24. Rc1 Rxc1 25. Qxc1 Qc6 26. Qd2 h6 27. Qb4 Kg8 28. Qe7 Qc8 0-1

[Event "Winnipeg TNT Jan op"]
[Site "Winnipeg CAN"]
[Date "2005.01.11"]
[Round "2"]
[White "Zaczek, Jonathon"]
[Black "Schulz, Manfred"]
[Result "1-0"]
[WhiteElo "1920"]
[BlackElo "1938"]
[PlyCount "77"]
[GameId "2160767911031754"]
[EventDate "2005.01.04"]
[EventType "swiss"]
[EventRounds "4"]
[EventCountry "CAN"]
[SourceTitle "EXT 2006"]
[Source "ChessBase"]
[SourceDate "2005.11.24"]
[SourceVersion "1"]
[SourceVersionDate "2005.11.24"]
[SourceQuality "1"]

1. e4 c6 2. d4 d5 3. Nc3 g6 4. Nf3 Bg7 5. Be3 Bg4 6. Be2 e6 7. Qd2 Nd7 8. h3 Bxf3 9. Bxf3 Nb6 10. b3 Nf6 11. e5 Nfd7 12. Ne2 Qc7 13. O-O Rc8 14. c3 c5 15. Rac1 a5 16. Bh6 O-O 17. Bg4 c4 18. Ng3 cxb3 19. axb3 a4 20. bxa4 Ra8 21. Qg5 Qd8 22. Qf4 Rxa4 23. Rfe1 Rc4 24. Re3 Qe7 25. Be2 Rc7 26. Nh5 g5 27. Qxg5 Qxg5 28. Bxg5 Rfc8 29. Rg3 Na4 30. Bb5 Ndb6 31. Bxa4 Nxa4 32. Nxg7 Kxg7 33. Bd8+ Kf8 34. Bxc7 Rxc7 35. Kf1 b5 36. Ra1 Nxc3 37. Ra8+ Ke7 38. Rgg8 Rb7 39. Rae8+ 1-0

[Event "Winnipeg TNT Jan op"]
[Site "Winnipeg CAN"]
[Date "2005.01.18"]
[Round "3"]
[White "Babb, Jeff"]
[Black "Zaczek, Jonathon"]
[Result "0-1"]
[WhiteElo "2166"]
[BlackElo "1920"]
[PlyCount "135"]
[GameId "2160767911031755"]
[EventDate "2005.01.04"]
[EventType "swiss"]
[EventRounds "4"]
[EventCountry "CAN"]
[SourceTitle "EXT 2006"]
[Source "ChessBase"]
[SourceDate "2005.11.24"]
[SourceVersion "1"]
[SourceVersionDate "2005.11.24"]
[SourceQuality "1"]

1. e4 c5 2. Nc3 d6 3. g3 g6 4. Bg2 Bg7 5. d3 Nc6 6. Nh3 e6 7. Be3 Nd4 8. O-O Ne7 9. Qd2 O-O 10. Bh6 Bxh6 11. Qxh6 f6 12. Qd2 Qa5 13. f4 e5 14. fxe5 dxe5 15. Rf2 Kg7 16. Raf1 Bg4 17. Kh1 Qb6 18. Ng1 Rad8 19. b3 Qc7 20. a4 a6 21. Qc1 b5 22. Qb2 c4 23. dxc4 bxc4 24. b4 Rb8 25. h3 Bd7 26. Qa3 Qd6 27. Nb1 c3 28. Nf3 Nxf3 29. Rxf3 Qxb4 30. Qxb4 Rxb4 31. Nxc3 Bxa4 32. Ra1 Bxc2 33. Rxa6 Bxe4 34. Nxe4 Rxe4 35. Ra7 Rf7 36. Rb3 Re1+ 37. Kh2 Nf5 38. Rxf7+ Kxf7 39. Rb7+ Ke6 40. h4 Re2 41. Rb6+ Kf7 42. Rb7+ Kg8 43. Kh3 Re3 44. Bd5+ Kh8 45. Rb3 Rxb3 46. Bxb3 h6 47. Kg2 Kg7 48. Kf2 Nd4 49. Bd5 f5 50. Ke3 Kf6 51. Bb7 Ne6 52. Bc8 e4 53. Ba6 Ke5 54. Be2 Nc7 55. Bd1 Nd5+ 56. Kf2 Kd4 57. Bb3 Nc3 58. Bf7 Kd3 59. Bxg6 Kd2 60. Bh5 e3+ 61. Kg2 e2 62. Bxe2 Kxe2 63. h5 Nd5 64. Kh3 Kf3 65. Kh4 Nf6 66. Kh3 Nxh5 67. g4 fxg4+ 68. Kh4 0-1

[Event "Winnipeg TNT Jan op"]
[Site "Winnipeg CAN"]
[Date "2005.01.18"]
[Round "3"]
[White "Czarny, Keith"]
[Black "Van Wyk, Joseph"]
[Result "0-1"]
[WhiteElo "1651"]
[BlackElo "1915"]
[PlyCount "76"]
[GameId "2160767911031756"]
[EventDate "2005.01.04"]
[EventType "swiss"]
[EventRounds "4"]
[EventCountry "CAN"]
[SourceTitle "EXT 2006"]
[Source "ChessBase"]
[SourceDate "2005.11.24"]
[SourceVersion "1"]
[SourceVersionDate "2005.11.24"]
[SourceQuality "1"]

1. Nf3 Nc6 2. c4 Nf6 3. Nc3 g6 4. g3 Bg7 5. Bg2 O-O 6. O-O e5 7. d3 d6 8. Bd2 Nh5 9. Qc1 Bh8 10. Bh6 Ng7 11. Nd2 f5 12. Bd5+ Ne6 13. Bxf8 Kxf8 14. Nb3 Qf6 15. Bxe6 Bxe6 16. Nd5 Qf7 17. e4 a5 18. Nd2 Nd4 19. Qd1 c6 20. Nc3 f4 21. Nf3 Bg4 22. Nxe5 Bxe5 23. Qxg4 h5 24. Qd1 f3 25. Qc1 Qe6 26. Kh1 Kg7 27. Qg5 Bf6 28. Qe3 h4 29. gxh4 Qh3 30. Rg1 Be5 31. Rxg6+ Kxg6 32. Qg5+ Kf7 33. Qh5+ Kf8 34. Qh6+ Ke8 35. Qg6+ Kd8 36. Qg1 Kd7 37. Na4 Rg8 38. Nb6+ Kc7 0-1

[Event "Winnipeg TNT Jan op"]
[Site "Winnipeg CAN"]
[Date "2005.01.18"]
[Round "3"]
[White "Prince, Colin"]
[Black "Lafreniere, Adrian"]
[Result "1-0"]
[WhiteElo "1755"]
[BlackElo "1709"]
[PlyCount "93"]
[GameId "2160767911031758"]
[EventDate "2005.01.04"]
[EventType "swiss"]
[EventRounds "4"]
[EventCountry "CAN"]
[SourceTitle "EXT 2006"]
[Source "ChessBase"]
[SourceDate "2005.11.24"]
[SourceVersion "1"]
[SourceVersionDate "2005.11.24"]
[SourceQuality "1"]

1. e4 a5 2. d4 e6 3. f4 b6 4. Nf3 Bb7 5. Bd3 Nf6 6. Nbd2 Nc6 7. c3 d5 8. e5 Nd7 9. O-O g6 10. Rf2 Qe7 11. Qe2 Ncb8 12. b3 a4 13. Ne1 axb3 14. Nxb3 c5 15. c4 b5 16. cxd5 c4 17. d6 Qd8 18. Bxc4 bxc4 19. Qxc4 Bg7 20. Rc2 Bd5 21. Qc3 O-O 22. Nc5 Qb6 23. a4 Rc8 24. a5 Qc6 25. Ned3 Na6 26. Be3 Be4 27. Rac1 Bf8 28. Qd2 Ndxc5 29. dxc5 Bxd3 30. Qxd3 Nb4 31. Qd2 Nxc2 32. Rxc2 Ra6 33. Rb2 Rca8 34. Rb6 Rxb6 35. axb6 Qb5 36. Qc3 Qe2 37. Bf2 Ra2 38. Qe1 Qb5 39. h3 Re2 40. Qxe2 Qxe2 41. b7 Qb5 42. d7 Be7 43. c6 Bd8 44. Ba7 Qxc6 45. b8=Q Qc1+ 46. Kh2 Qxf4+ 47. Kh1 1-0

[Event "Winnipeg TNT Jan op"]
[Site "Winnipeg CAN"]
[Date "2005.01.18"]
[Round "3"]
[White "Rumpel, Chris"]
[Black "Trueman, Francis"]
[Result "1-0"]
[WhiteElo "1408"]
[BlackElo "1496"]
[PlyCount "69"]
[GameId "2160767911031759"]
[EventDate "2005.01.04"]
[EventType "swiss"]
[EventRounds "4"]
[EventCountry "CAN"]
[SourceTitle "EXT 2006"]
[Source "ChessBase"]
[SourceDate "2005.11.24"]
[SourceVersion "1"]
[SourceVersionDate "2005.11.24"]
[SourceQuality "1"]

1. e4 d6 2. d4 Nf6 3. Nc3 Nbd7 4. Nf3 Nb6 5. Be3 Bg4 6. Be2 Bxf3 7. Bxf3 Nc4 8. Qe2 Nxe3 9. Qxe3 e5 10. dxe5 dxe5 11. Rd1 Bd6 12. Nb5 a6 13. Nxd6+ cxd6 14. Qd3 Qa5+ 15. c3 Rd8 16. Qc4 O-O 17. O-O Rc8 18. Qb3 Qc7 19. a4 g5 20. g3 h5 21. h3 Qd7 22. Kh2 Kg7 23. Bg2 Rh8 24. f3 Rhd8 25. Rf2 Qc6 26. f4 gxf4 27. gxf4 Qc5 28. Rdf1 exf4 29. Rxf4 Qe5 30. Kh1 Qe7 31. Rxf6 Qxf6 32. Rxf6 Kxf6 33. Qxb7 Ra8 34. e5+ dxe5 35. Qb6+ 1-0

[Event "Winnipeg TNT Jan op"]
[Site "Winnipeg CAN"]
[Date "2005.01.18"]
[Round "3"]
[White "Schulz, Manfred"]
[Black "Reimer, Bruce"]
[Result "1-0"]
[WhiteElo "1938"]
[BlackElo "1390"]
[PlyCount "135"]
[GameId "2160767911031760"]
[EventDate "2005.01.04"]
[EventType "swiss"]
[EventRounds "4"]
[EventCountry "CAN"]
[SourceTitle "EXT 2006"]
[Source "ChessBase"]
[SourceDate "2005.11.24"]
[SourceVersion "1"]
[SourceVersionDate "2005.11.24"]
[SourceQuality "1"]

1. e4 d6 2. d4 Nf6 3. Nc3 g6 4. Nf3 Bg7 5. h3 O-O 6. Be3 Nbd7 7. Bc4 Nb6 8. Bb3 e6 9. Qd2 Bd7 10. Bh6 c5 11. Bxg7 Kxg7 12. Qe2 Rc8 13. a3 d5 14. e5 Ng8 15. O-O cxd4 16. Nxd4 a6 17. Rfe1 Ne7 18. Rad1 Nc6 19. Nf3 Na5 20. Rd4 Nac4 21. Nd1 Bb5 22. Rh4 Nd6 23. Qd2 Nf5 24. Rf4 Nc4 25. Bxc4 Rxc4 26. Rxc4 Bxc4 27. Ne3 Nxe3 28. Rxe3 Bb5 29. Qd4 h6 30. Nh2 Qc8 31. Rc3 Qd7 32. Ng4 Rc8 33. Qf4 Rh8 34. Nf6 Qd8 35. Qb4 Qb8 36. Qf4 Rc8 37. Rxc8 Qxc8 38. Ng4 Qh8 39. Qf6+ Kg8 40. Qxh8+ Kxh8 41. Nxh6 Kg7 42. Ng4 Be2 43. f3 g5 44. Kf2 Bb5 45. g3 Kg6 46. Ke3 Be8 47. f4 b6 48. h4 gxh4 49. gxh4 Bb5 50. Nf6 Bf1 51. Nd7 b5 52. Nf6 Bh3 53. h5+ Kh6 54. c3 Bf5 55. Kf3 Bc2 56. Kg3 Kg7 57. Kh4 Kh6 58. Ng4+ Kh7 59. Kg5 Bf5 60. Nf6+ Kg7 61. Ne8+ Kh7 62. Nd6 Kg7 63. Nxf5+ exf5 64. Kxf5 a5 65. h6+ Kg8 66. Kf6 Kh7 67. Kxf7 Kxh6 68. e6 1-0

[Event "Winnipeg TNT Jan op"]
[Site "Winnipeg CAN"]
[Date "2005.01.25"]
[Round "4"]
[White "Khedkar, Jay S"]
[Black "Van Wyk, Joseph"]
[Result "1-0"]
[WhiteElo "1892"]
[BlackElo "1915"]
[PlyCount "42"]
[GameId "2160767911031761"]
[EventDate "2005.01.04"]
[EventType "swiss"]
[EventRounds "4"]
[EventCountry "CAN"]
[SourceTitle "EXT 2006"]
[Source "ChessBase"]
[SourceDate "2005.11.24"]
[SourceVersion "1"]
[SourceVersionDate "2005.11.24"]
[SourceQuality "1"]

1. e4 e5 2. Nf3 Nc6 3. Bb5 f5 4. Nc3 fxe4 5. Nxe4 d5 6. Nxe5 dxe4 7. Nxc6 Qg5 8. Nxa7+ Bd7 9. d4 Qxg2 10. Qh5+ g6 11. Qe5+ Be7 12. Bg5 Qxh1+ 13. Kd2 Qxa1 14. Bxe7 Qxa2 15. Ba3+ Kf7 16. Bxd7 Rd8 17. d5 Rxd7 18. Qe6+ Kg7 19. Qxd7+ Kh6 20. Bf8+ Kg5 21. Bc5 Qxb2 1-0

[Event "Winnipeg TNT Jan op"]
[Site "Winnipeg CAN"]
[Date "2005.01.25"]
[Round "4"]
[White "Lafreniere, Adrian"]
[Black "Reimer, Bruce"]
[Result "0-1"]
[WhiteElo "1709"]
[BlackElo "1390"]
[PlyCount "64"]
[GameId "2160767911031762"]
[EventDate "2005.01.04"]
[EventType "swiss"]
[EventRounds "4"]
[EventCountry "CAN"]
[SourceTitle "EXT 2006"]
[Source "ChessBase"]
[SourceDate "2005.11.24"]
[SourceVersion "1"]
[SourceVersionDate "2005.11.24"]
[SourceQuality "1"]

1. e4 d6 2. d4 Nf6 3. Bd3 g6 4. c3 Bg7 5. Nf3 Bg4 6. h3 Bxf3 7. Qxf3 Nc6 8. Na3 O-O 9. O-O a6 10. Bf4 e5 11. dxe5 Nxe5 12. Bxe5 dxe5 13. Rad1 Qe7 14. Qe3 b5 15. Nc2 c5 16. Ne1 Rfd8 17. Nf3 Rd7 18. Bc2 Rad8 19. Rxd7 Rxd7 20. Rd1 Rxd1+ 21. Bxd1 Nh5 22. g3 Qd7 23. Be2 Qe7 24. Qd3 Nf6 25. a4 c4 26. Qc2 Nh5 27. b3 Qc5 28. b4 Qb6 29. axb5 axb5 30. Kg2 Qd8 31. Nh4 Nf4+ 32. Kf1 Nxh3 0-1

[Event "Winnipeg TNT Jan op"]
[Site "Winnipeg CAN"]
[Date "2005.01.25"]
[Round "4"]
[White "Prince, Colin"]
[Black "Czarny, Keith"]
[Result "1/2-1/2"]
[WhiteElo "1755"]
[BlackElo "1651"]
[PlyCount "69"]
[GameId "2160767911031763"]
[EventDate "2005.01.04"]
[EventType "swiss"]
[EventRounds "4"]
[EventCountry "CAN"]
[SourceTitle "EXT 2006"]
[Source "ChessBase"]
[SourceDate "2005.11.24"]
[SourceVersion "1"]
[SourceVersionDate "2005.11.24"]
[SourceQuality "1"]

1. e4 e6 2. d4 d5 3. exd5 exd5 4. Nf3 Nf6 5. Bd3 Bd6 6. c4 Bg4 7. Nc3 dxc4 8. Bxc4 O-O 9. Be3 Nc6 10. h3 Bh5 11. Qd2 Bb4 12. Bd3 Re8 13. O-O-O Ne4 14. Qc2 f5 15. Nxe4 fxe4 16. Bxe4 h6 17. Bxc6 bxc6 18. Qb3+ Qd5 19. Qxb4 Qxa2 20. Qa3 Qc4+ 21. Kd2 Rab8 22. Rc1 Qd5 23. Rc5 Qf7 24. Ne5 Rxe5 25. Rxe5 Rb3 26. Re8+ Kh7 27. Re7 Qc4 28. Rxg7+ Kxg7 29. Qe7+ Bf7 30. Qe5+ Kg8 31. Qg3+ Kh7 32. Rb1 Qd3+ 33. Kc1 Qf1+ 34. Kc2 Qe2+ 35. Kc1 1/2-1/2

[Event "Winnipeg TNT Jan op"]
[Site "Winnipeg CAN"]
[Date "2005.01.25"]
[Round "4"]
[White "Proulx, Roy"]
[Black "Schulz, Manfred"]
[Result "0-1"]
[WhiteElo "1735"]
[BlackElo "1938"]
[PlyCount "60"]
[GameId "2160767911031764"]
[EventDate "2005.01.04"]
[EventType "swiss"]
[EventRounds "4"]
[EventCountry "CAN"]
[SourceTitle "EXT 2006"]
[Source "ChessBase"]
[SourceDate "2005.11.24"]
[SourceVersion "1"]
[SourceVersionDate "2005.11.24"]
[SourceQuality "1"]

1. d4 c6 2. c4 d5 3. Nf3 Nf6 4. Nc3 dxc4 5. a4 Bg4 6. e3 e6 7. Bxc4 Be7 8. h3 Bh5 9. O-O Qc7 10. e4 Nbd7 11. Qe2 e5 12. d5 O-O 13. Rd1 Rad8 14. Bg5 Nb6 15. Ba2 Bxf3 16. Qxf3 Nfxd5 17. Bxe7 Nxe7 18. Rac1 Ng6 19. Rxd8 Qxd8 20. Rd1 Qe7 21. Qf5 a5 22. Qf3 Nf4 23. Kh2 Nd7 24. g3 Ne6 25. Ne2 Nf6 26. Qe3 Qb4 27. Rd2 Qxe4 28. Qxe4 Nxe4 29. Rd7 N4c5 30. Rd2 Rd8 0-1

[Event "Winnipeg TNT Jan op"]
[Site "Winnipeg CAN"]
[Date "2005.01.25"]
[Round "4"]
[White "Rumpel, Chris"]
[Black "Greenberg, Harley"]
[Result "0-1"]
[WhiteElo "1408"]
[BlackElo "1740"]
[PlyCount "92"]
[GameId "2160767911031765"]
[EventDate "2005.01.04"]
[EventType "swiss"]
[EventRounds "4"]
[EventCountry "CAN"]
[SourceTitle "EXT 2006"]
[Source "ChessBase"]
[SourceDate "2005.11.24"]
[SourceVersion "1"]
[SourceVersionDate "2005.11.24"]
[SourceQuality "1"]

1. e4 c5 2. Nf3 d6 3. d4 cxd4 4. Nxd4 Nf6 5. Nc3 a6 6. Bc4 e6 7. Bg5 Be7 8. a4 O-O 9. O-O Qc7 10. Qe2 Nc6 11. Nf3 b6 12. Rad1 Bb7 13. h3 Na5 14. Bd3 Rfc8 15. Qd2 Nc4 16. Qc1 Nxb2 17. Qxb2 Qxc3 18. Qxb6 Rab8 19. Bxf6 Bxf6 20. Bxa6 Bxe4 21. Qxd6 Rd8 22. Qf4 Bxc2 23. Rc1 e5 24. Rxc2 Qxc2 25. Qc4 Qxc4 26. Bxc4 e4 27. Ne1 Rb2 28. Kh1 Bc3 29. Kg1 Rd1 30. Nf3 Rxf1+ 31. Kxf1 exf3 32. gxf3 Bd4 33. Kg2 h5 34. f4 h4 35. Kf3 Rxf2+ 36. Ke4 Bb6 37. f5 Bc7 38. Bb5 Rf4+ 39. Kd5 Rxf5+ 40. Kc6 Ba5 41. Kb7 Rf3 42. Ka6 Bb4 43. Bd7 g6 44. Kb5 Bc3 45. a5 Bxa5 46. Kxa5 f5 0-1

[Event "Winnipeg TNT Jan op"]
[Site "Winnipeg CAN"]
[Date "2005.01.25"]
[Round "4"]
[White "Tang, Edward"]
[Black "Zaczek, Jonathon"]
[Result "1/2-1/2"]
[WhiteElo "1982"]
[BlackElo "1920"]
[PlyCount "112"]
[GameId "2160767911031766"]
[EventDate "2005.01.04"]
[EventType "swiss"]
[EventRounds "4"]
[EventCountry "CAN"]
[SourceTitle "EXT 2006"]
[Source "ChessBase"]
[SourceDate "2005.11.24"]
[SourceVersion "1"]
[SourceVersionDate "2005.11.24"]
[SourceQuality "1"]

1. e4 c5 2. Nf3 d6 3. d4 cxd4 4. Nxd4 Nf6 5. Nc3 a6 6. f4 e5 7. Nf3 Nbd7 8. a4 Be7 9. Bd3 O-O 10. O-O Nc5 11. Kh1 exf4 12. Bxf4 Bg4 13. Qe1 Rc8 14. Nd4 Ne6 15. Be3 Nxd4 16. Bxd4 Bh5 17. Qg3 Bg6 18. Rad1 Re8 19. b4 Nh5 20. Qf2 Bf6 21. Bb6 Qd7 22. Nd5 Be5 23. b5 Qg4 24. Ne3 Qg5 25. Nf5 Bxf5 26. Qxf5 Qh4 27. Qh3 Qxh3 28. gxh3 Nf4 29. bxa6 bxa6 30. Bxa6 Rxc2 31. Rf2 Rxf2 32. Bxf2 Nxh3 33. Bb6 Rb8 34. Rc1 g6 35. Rc8+ Rxc8 36. Bxc8 Nf4 37. a5 d5 38. a6 Bb8 39. Bc7 Ba7 40. Bxf4 dxe4 41. Kg2 f5 42. Kf1 Kf7 43. Ke2 Kf6 44. Be3 Bb8 45. a7 Bxa7 46. Bxa7 h6 47. Bd4+ Kg5 48. Ke3 Kh4 49. Be5 Kh3 50. Bf4 Kg2 51. Be5 Kh3 52. Bg3 Kg4 53. Ba6 Kg5 54. Be2 Kf6 55. h4 g5 56. h5 f4+ 1/2-1/2

[Event "Winnipeg TNT Jan op"]
[Site "Winnipeg CAN"]
[Date "2005.01.25"]
[Round "4"]
[White "Trueman, Francis"]
[Black "Gibbons, Lorne"]
[Result "0-1"]
[WhiteElo "1496"]
[BlackElo "1303"]
[PlyCount "98"]
[GameId "2160767911031767"]
[EventDate "2005.01.04"]
[EventType "swiss"]
[EventRounds "4"]
[EventCountry "CAN"]
[SourceTitle "EXT 2006"]
[Source "ChessBase"]
[SourceDate "2005.11.24"]
[SourceVersion "1"]
[SourceVersionDate "2005.11.24"]
[SourceQuality "1"]

1. Nf3 d6 2. g3 e5 3. e4 g6 4. Bg2 Bg7 5. O-O Ne7 6. d3 O-O 7. Nbd2 Nd7 8. Re1 b6 9. Nf1 Bb7 10. Qe2 Kh8 11. h4 f5 12. Ng5 Rf6 13. Nh2 h6 14. Ngf3 Nf8 15. Kh1 Ne6 16. Rg1 Qf8 17. c3 fxe4 18. dxe4 Nc5 19. Be3 Nxe4 20. Raf1 Qg8 21. Ng4 Rf7 22. Bxh6 Nc5 23. Be3 Ba6 24. Qc2 Bxf1 25. Rxf1 Re8 26. Ng5 Rff8 27. b4 Nd7 28. Be4 Bf6 29. Nh6 Qc4 30. Bd3 Qd5+ 31. Be4 Qc4 32. Bd3 Qd5+ 33. Ne4 Bg7 34. c4 Qb7 35. Ng4 Nf6 36. Ngxf6 Rxf6 37. Kh2 Re6 38. Ng5 Rf6 39. c5 Nf5 40. Bd2 Nd4 41. Qd1 e4 42. Qe1 Nf3+ 43. Nxf3 Rxf3 44. Bf4 d5 45. Qd1 bxc5 46. Be2 Ra3 47. bxc5 c6 48. Qd2 Qb2 49. Qd1 Rxa2 0-1

[Event "Winnipeg TNT July op"]
[Site "Winnipeg CAN"]
[Date "2005.07.05"]
[Round "1"]
[White "Essery, Richard"]
[Black "Gibbons, Lorne"]
[Result "1-0"]
[WhiteElo "1710"]
[BlackElo "1324"]
[PlyCount "35"]
[GameId "2160767910967815"]
[EventDate "2005.07.05"]
[EventType "swiss"]
[EventRounds "4"]
[EventCountry "CAN"]
[SourceTitle "EXT 2022"]
[Source "ChessBase"]
[SourceDate "2021.10.06"]
[SourceVersion "1"]
[SourceVersionDate "2021.10.06"]
[SourceQuality "1"]

1. d4 d5 2. c4 e6 3. Nc3 c5 4. e3 Nc6 5. dxc5 Bxc5 6. cxd5 Nb4 7. dxe6 Qxd1+ 8. Kxd1 Bxe6 9. Bb5+ Ke7 10. Bd2 a6 11. Be2 Rd8 12. Nf3 h6 13. a3 Bb3+ 14. Kc1 Nc6 15. Bd1 Na5 16. Ne4 Bb6 17. Bxa5 Rc8+ 18. Bc3 1-0

[Event "Winnipeg TNT July op"]
[Site "Winnipeg CAN"]
[Date "2005.07.05"]
[Round "1"]
[White "Harding, Mike"]
[Black "Babb, Jeff"]
[Result "0-1"]
[WhiteElo "1703"]
[BlackElo "2151"]
[PlyCount "60"]
[GameId "2160767910967816"]
[EventDate "2005.07.05"]
[EventType "swiss"]
[EventRounds "4"]
[EventCountry "CAN"]
[SourceTitle "EXT 2022"]
[Source "ChessBase"]
[SourceDate "2021.10.06"]
[SourceVersion "1"]
[SourceVersionDate "2021.10.06"]
[SourceQuality "1"]

1. e4 e5 2. Nf3 Nc6 3. Bb5 a6 4. Ba4 Nf6 5. O-O Nxe4 6. d4 b5 7. Bb3 d5 8. Re1 exd4 9. Bxd5 Qxd5 10. Nc3 Qh5 11. Nxe4 Be7 12. Bf4 Bg4 13. Ng3 Bxf3 14. Nxh5 Bxd1 15. Raxd1 O-O-O 16. Nxg7 Rd5 17. c4 bxc4 18. Rc1 Rc5 19. b4 cxb3 20. axb3 Rxc1 21. Rxc1 Kb7 22. Nf5 Ba3 23. Rd1 Rd8 24. Nh6 Kb6 25. g3 Rd7 26. Nf5 Bb2 27. Ne3 Bc3 28. Kf1 Kb5 29. Ke2 Kb4 30. Bxc7 Kxb3 0-1

[Event "Winnipeg TNT July op"]
[Site "Winnipeg CAN"]
[Date "2005.07.05"]
[Round "1"]
[White "Khedkar, Jay S"]
[Black "Oberton, Daniel"]
[Result "1-0"]
[WhiteElo "1904"]
[BlackElo "1628"]
[PlyCount "65"]
[GameId "2160767910967817"]
[EventDate "2005.07.05"]
[EventType "swiss"]
[EventRounds "4"]
[EventCountry "CAN"]
[SourceTitle "EXT 2022"]
[Source "ChessBase"]
[SourceDate "2021.10.06"]
[SourceVersion "1"]
[SourceVersionDate "2021.10.06"]
[SourceQuality "1"]

1. d4 Nf6 2. Nf3 g6 3. c4 Bg7 4. Nc3 d6 5. g3 O-O 6. Bg2 c6 7. O-O Qc7 8. e4 Bg4 9. Be3 Nbd7 10. h3 Bxf3 11. Bxf3 c5 12. Rc1 e6 13. b3 a6 14. Qd2 Rfd8 15. Bg2 Rac8 16. f4 b6 17. d5 Rb8 18. dxe6 fxe6 19. f5 exf5 20. exf5 b5 21. fxg6 hxg6 22. Bg5 bxc4 23. Nd5 Nxd5 24. Bxd5+ Kh7 25. Rxc4 Rf8 26. Rh4+ Bh6 27. Rxh6+ Kg7 28. Qc3+ Ne5 29. Rxf8 Rxf8 30. Rh4 Rf5 31. Bh6+ Kf6 32. Rf4 Qd7 33. Be4 1-0